Carregant...

Themes and conventions of Elizabethan tragedy /

Dades bibliogràfiques
Autor principal: Bradbrook, M. C.
Format: Printed Book
Idioma:English
Publicat: Cambridge [Eng.] ; New York : Cambridge University Press, 1980.
Edició:2d ed.
Matèries:
LEADER 01094cam a2200277 i 4500
008 790315s1980 enk b 001 0 eng
010 |a  79011596  
020 |a 0521043026 
020 |a 052109108X(pbk.) 
043 |a e-uk-en 
082 0 0 |a 822/.3/09 
100 1 |a Bradbrook, M. C. 
245 1 0 |a Themes and conventions of Elizabethan tragedy /  |c M.C. Bradbrook. 
250 |a 2d ed. 
260 |a Cambridge [Eng.] ;  |a New York :  |b Cambridge University Press,  |c 1980. 
300 |a viii, 270 p. ;  |c 22 cm. 
500 |a Includes index. 
504 |a Bibliography: p. 261-266. 
650 0 |a English drama (Tragedy)  |x History and criticism. 
650 0 |a English drama  |y 17th century  |x History and criticism. 
650 0 |a English drama  |y Early modern and Elizabethan, 1500-1600  |x History and criticism. 
650 0 |a Theater  |z England  |x History  |y 16th century. 
906 |a 7  |b cbc  |c orignew  |d 1  |e ocip  |f 19  |g y-gencatlg 
942 |c BK 
999 |c 197825  |d 197825 
952 |0 0  |1 0  |4 0  |6 822_309000000000000_BRA_T  |7 0  |9 218748  |a ENG  |b ENG  |c ST1  |d 2017-04-11  |i 10622  |l 0  |o 822.309 BRA/T  |p ENG10622  |r 2017-04-11  |w 2018-08-21  |y BK